Idioma nacional de los argentinos. Con una Introducción por el Dr. Louis Duvau

Salvato in:
Dettagli Bibliografici
Autore principale: Abeille, Luciano (Autore)
Natura: Libro
Lingua:spagnolo
Pubblicazione: París Emile Bouillon 1900
Edizione:1a. ed
Soggetti:
Tags: Aggiungi Tag
Nessun Tag, puoi essere il primo ad aggiungerne!!

MARC

LEADER 00000nam a2200000 a 4500
001 UCJ6414
003 CL-VaPUC
008 070124e19000000FR |||||||||||||||||spa|d
082 0 4 |a 460  |b ABE  |2 21 
100 0 |a Abeille, Luciano  |e author  |9 513034 
245 1 0 |a Idioma nacional de los argentinos. Con una Introducción por el Dr. Louis Duvau 
250 |a 1a. ed 
300 |a xxiv, 434 p 
942 |c BK 
945 |d 20070124 00:00:00  |a rinostro 
260 |a París  |b Emile Bouillon  |c 1900 
650 0 |a Lenguaje y lenguas  |9 265846 
650 0 |a Gramática  |9 270497 
650 0 |a Fonología   |9 341074 
650 7 |a ETIMOLOGIAS  |2 CL-VaPUC  |9 505919 
650 0 |a Sintaxis  |9 318843 
651 0 |a Argentina  |9 254888 
583 |a last modification  |c 20070124 00:00:00  |k Rodrigo Vera 
999 |c 322519  |d 322517 
952 |0 0  |1 0  |4 0  |6 460_000000000000000_ABE_1900  |7 0  |8 X  |9 401526  |a FDOBUD  |b FDOBUD  |d 2019-11-22  |i 1047728  |o 460 ABE 1900  |p 1047728  |r 2019-11-22  |w 2019-11-22  |y BK_X  |k BUD